LEADER 00936nam0-22003131i-450- 001 990001041920403321 035 $a000104192 035 $aFED01000104192 035 $a(Aleph)000104192FED01 035 $a000104192 100 $a20000920d????----km-y0itay50------ba 101 0 $aeng 200 1 $aFunctions of Real Variables and Complex Variable$fby William Fogg Osgood 210 $aNew York$cChelsea$ds.d. 610 0 $aCalcolo delle variazioni 610 0 $aDifferenze finite 610 0 $aIntegrali di fourier 610 0 $aTrasformazioni di fourier e laplace 610 0 $aFunzioni di variabile complessa 676 $a517.4//517.9 700 1$aOsgood,$bWilliam Fogg$049681 801 0$aIT$bUNINA$gRICA$2UNIMARC 901 $aBK 912 $a990001041920403321 952 $a16-018.003$b1284$fFI1 959 $aFI1 996 $aFunctions of Real Variables and Complex Variable$9338560 997 $aUNINA DB $aING01 LEADER 01658oam 2200421Ia 450 001 9910697759603321 005 20081103100832.0 035 $a(CKB)5470000002391376 035 $a(OCoLC)57535060 035 $a(EXLCZ)995470000002391376 100 $a20050131d2004 ua 0 101 0 $aeng 135 $aurmn||||||||| 181 $ctxt$2rdacontent 182 $cc$2rdamedia 183 $acr$2rdacarrier 200 10$aAge and source of water in springs associated with the Jacksonville Thrust Fault Complex, Calhoun County, Alabama$b[electronic resource] /$fby James L. Robinson ; prepared in cooperation with the City of Anniston Water Works and Sewer Board 210 1$aReston, Va. :$cU.S. Geological Survey,$d2004. 215 $avi, 27 pages $cdigital, PDF file 225 1 $aScientific investigations report ;$v2004-5145 300 $aTitle from title screen (viewed Jan. 31, 2005). 300 $aDistributed to depository libraries in paper on shipping list no.: 2005-0077-P. 320 $aIncludes bibliographical references. 606 $aGroundwater$xQuality$zAlabama$zCalhoun County 606 $aWater-supply$zAlabama$zCalhoun County 615 0$aGroundwater$xQuality 615 0$aWater-supply 700 $aRobinson$b James L$0205806 712 02$aGeological Survey (U.S.) 712 02$aAnniston (Ala.).$bWater Works and Sewer Board. 801 0$bGIS 801 1$bGIS 801 2$bGPO 801 2$bOCLCQ 906 $aBOOK 912 $a9910697759603321 996 $aAge and source of water in springs associated with the Jacksonville Thrust Fault Complex, Calhoun County, Alabama$93546270 997 $aUNINA